000 00242nam a22000977a 4500
008 160513b xxu||||| |||| 00| 0 eng d
041 _aeng
080 _a611
245 _aPediatrics / REVISTA :
_cAmerican academy of pediatrics;
942 _2udc
_cBK
999 _c2150
_d2150